000 005770000a22001570004500
003 MACL
005 20180209131041.0
008 180209b xxu||||| |||| 00| 0 eng d
040 _cmacl
100 _aमिश्र ,श्री कृष्‍ण
_970326
245 _aशुकाचार्य (वैश्‍िवक सांस्‍कृतिक उपन्‍यास
260 _aदिल्‍ली
_bइंडियन पब्किेशन
_c2008
350 _a350
650 _aउपन्‍यास
_970327
942 _cHIN
_k891.433/MIS/N
_2ddc
999 _c48835
_d48835